Waktu malam bulan mengambang

Bibliographic Details
Main Author: Amril Shah
Format: Book
Published: Selangor : Pustaka Tintamas , 2008
Series:Siri puisi pelajar muda
Subjects:

MARC

LEADER 00000cam a2200000 7i4500
001 0000033011
005 20220105104100.0
008 120712
020 |a 9831352090 (Set) 
020 |a 9831352175 
090 0 0 |a JP   |b NS MAL 
100 0 |a Amril Shah 
245 1 0 |a Waktu malam bulan mengambang   |c Amril Shah 
260 |a Selangor :   |b Pustaka Tintamas ,   |c 2008 
440 |a Siri puisi pelajar muda 
500 |a Children age 4-6 years old (yellow) 
650 0 |a Malay Poetry 
650 0 |a Sajak 
999 |a 0001137378   |b Book   |c Children Collection   |e Perbadanan Perpustakaan Awam Johor 
999 |a 0001137379   |b Book   |c Children Collection   |e Perbadanan Perpustakaan Awam Johor 
999 |a 0001137380   |b Book   |c Children Collection   |e Cawangan Tmn. Ungku Tun Aminah 
999 |a 0001137381   |b Book   |c Children Collection   |e Cawangan Bandar Penawar 
999 |a 0001137382   |b Book   |c Children Collection   |e Perbadanan Perpustakaan Awam Johor